1063 1917 1247 1647 1499 1873 1194 1946 1832 1913 1017 1775 1089 1088 1324 1534 1539 1162 1542 1061 1237 1541 1864 1435 1475 1992 1280 1419 1824 1041 1032 1535 1026 1357 1506 1609 1351 1175 1637 1911 1958 1605 1668 1608 1533 1639 1225 1136 1871 1821 1912 1121 1580 1478 1907 1329 1290 1102 1960 1449 1360 1057 1262 1838 1687 1510 1088 1862 1928 1886 1729 1698 1150 1977 1510 1602 1513 1456 1853 1908 1953 1137 1049 1710 1340 1811 1812 1087 1308 1071 1489 1690 1333 1778 1440 1726 1103 1434 1863 BCNSPRNW ULIB Ver.6.0+V

เปลี่ยนเป็นภาษาไทย

Change to English
 แสดงรายละเอียดบรรณานุกรม
  กลับหน้าหลัก

Brief Record : Get Marc (ISO 2709) : E-mail record : QR code < ปิดหน้าต่าง
LEADER : 00000nam 2200000uu 4500
001    13399122931
003     ULIB
008    131104s2547||||th 000 0 tha d
020    9744658029
099    ^aวจ.WY18.8^bด197ค
100 0  ^aดวงเนตร ธรรมกุล
245 00 ^aความเอื้ออาทรของอาจารย์พยาบาล ตามการรับรู้ของอาจารย์พยาบาลและนักศึกษาพยาบาล/^cดวงเนตร ธรรมกุล และ ศิริพร ครุฑกาศ
260    ^aนนทบุรี :^bวิทยาลัยพยาบาลบรมราชชนนี นนทบุรี,^c2547
300    ^a66 หน้า :^bตาราง
500    ^aรายงานการวิจัย
650  7 ^aความเอื้ออาทร^xอาจารย์พยาบาล^xวิจัย
700 02 ^aศิริพร ครุฑกาศ
710 1  ^aวิทยาลัยพยาบาลบรมราชชนนี นนทบุรี
945    ^p0^l0^i20243
995    ^aทศพร
999    ^aทศพร
รายการนี้ยังไม่มีแท็ก
คุณยังไม่ได้ล็อกอิน คุณสามารถมีกิจกรรมร่วมกับเว็บไซต์ได้ แต่ต้องล็อกอินก่อน ::
  ล็อกอิน

รายการสื่อสารสนเทศ

ลำดับที่ ประเภท เลขเรียก/บาร์โค้ด สถานที่ สถานะ
1. งานวิจัย
งานวิจัย
วจ.WY18.8 ด197ค ฉ.1 
  Barcode: 20243
ห้องสมุดวิทยาเขตนครสวรรค์
►วิจัย:l:Research Room
บนชั้น

BibComment


ยังไม่เคยถูกคอมเมนท์

คอมเมนท์ทรัพยากรรายการนี้
  คอมเมนท์: ความเอื้ออาทรของ..


 Copyright 2026. Bcnsprnw @Library